Strange Interlude

Uloženo v:
Podrobná bibliografie
Hlavní autor: O´ Neill, Eugene
Médium: Kniha
Jazyk:Undetermined
Vydáno: Hamburgo, Alemania The Albatross 1933
Témata:
Tagy: Přidat tag
Žádné tagy, Buďte první, kdo vytvoří štítek k tomuto záznamu!

MARC

LEADER 00000nam a2200000Ia 4500
008 170316s9999 xx 000 0 und d
040 |a cru BVZT 
090 |a 810 O-7st 
100 |a O´ Neill, Eugene 
245 |a Strange Interlude 
260 |a Hamburgo, Alemania 
260 |b The Albatross 
260 |c 1933 
300 |a 306 páginas 
650 |a LITERATURA ESTADOUNIDENSE 
650 |a TEATRO 
999 |c 6001  |d 6001 
942 |c 15 D  |h 810 O-7st  |2 z